Política y sociedad en Honduras

Guardat en:
Dades bibliogràfiques
Autor principal: Meza, Víctor Orlando
Format: Text
Publicat: Tegucigalpa: Guaymuras
Etiquetes: Afegir etiqueta
Sense etiquetes, Sigues el primer a etiquetar aquest registre!

MARC

LEADER 00000 a a2200000 04500
001 23845
003
040
090 |a 164100  
100 |a Meza, Víctor Orlando  
245 |a Política y sociedad en Honduras  
260 |a Tegucigalpa:   |b Guaymuras  
300 |a 397 p.  
999 |c 5758  |d 5758